Spanish Adverbs 2 - Statistics

General Stats
  • This quiz has been taken 22 times
    7 since last reset
  • The average score is 36 of 500
Answer Stats
Español English % Correct
Sobre eso About that
67%
A popa/A la popa/En popa Aft
67%
Después/Luego (also then)/Detrás (also behind) After
67%
Alguna vez (also on occasion, once)/Nunca (also never)/Jamás (also never) Ever
67%
Todos los días Everyday
67%
Por la mañana/En la mañana In the morning
67%
Tan solo/Acabo Just
67%
Justo antes Just before
67%
Más o menos More or less
67%
En caja (also boxed) On hand
67%
Abrasivamente Abrasively
33%
Abusivamente Abusively
33%
Después de todo/Al fin y al cabo/A fin de cuentas After all
33%
Un poco/Un poquito/Poquito (also a little bit) A little
33%
Todo el tiempo All the time
33%
Casi siempre Almost always
33%
Alfabéticamente Alphabetically
33%
Aparte/A pedazos Apart
33%
Arrogantemente Arrogantly
33%
Por mucho que (also however much, no matter how much) As much as
33%
Por la noche/De noche/A la noche At night
33%
Al final del día/Al finalizar el día/Al final de la jornada/Al terminar el día At the end of the day
33%
En este punto/A estas alturas/A este punto/En ese punto/A esta altura At this point
33%
A estas horas/En estos tiempos (also nowadays)/En los tiempos que corren/En el momento actual/En este período/En este instante/Durante este período/En esta época At this time
33%
De vuelta/Atrás (also behind) Back
33%
Biológicamente Biologically
33%
Por nombre By name
33%
Caóticamente Chaotically
33%
Crónicamente Chronically
33%
Cómicamente Comically
33%
Compulsivamente Compulsively
33%
Conscientemente Consciously
33%
Consecuentemente/Por consiguiente/En consecuencia (also accordingly) Consequently
33%
Criminalmente/Penalmente Criminally
33%
Discretamente Discreetly
33%
Desproporcionadamente Disproportionately
33%
Domésticamente Domestically
33%
Cada uno/Para cada uno Each
33%
Cada vez/En cada ocasión (also on each occasion) Each time
33%
Eficientemente Efficiently
33%
Elegantemente Elegantly
33%
Lo suficiente/Bastante (also quite, some, pretty, rather, pretty much, very much, quite a lot) Enough
33%
Incluso si/Aun si/Si bien (also while, although) Even if
33%
Familiarmente Familiarly
33%
Por alguna razón/Por algún motivo/Por cualquier motivo/Por una u otra razón (also for one reason or another) For some reason
33%
Por esto/Por este For this
33%
Por esta razón/Por este motivo/Por tal razón/Por esa razón/Por tal motivo/Por eso (also therefore) For this reason
33%
Para ti/Por ti/Para usted For you
33%
Desde aquí/De aquí From here
33%
Generosamente Generously
33%
Graciosamente/Agraciadamente (also gracefully) Graciously
33%
Gradualmente Gradually
33%
Ignorantemente Ignorantly
33%
Inconsequentemente Inconsequently
33%
Incrementalmente Incrementally
33%
Independientemente Independently
33%
Indiscretamente Indiscreetly
33%
Ineficientemente Inefficiently
33%
De hecho In fact
33%
En otras palabras/Dicho de otra forma/Dicho de otro modo/Dicho de otra manera/En otros términos In other words
33%
En parte/A medias In part
33%
En la práctica In practice
33%
En progreso/En proceso/En curso In progress
33%
En realidad In reality
33%
Por la tarde/En la tarde/De la tarde In the afternoon
33%
En la distancia/En la lejanía/A lo lejos (also far away) In the distance
33%
De tarde/A la tarde/De la noche In the evening
33%
Sabiendo eso/que (also with that in mind) Knowing that
33%
Más tarde/Más adelante (also further on) Later
33%
Poco a poco Little by little
33%
Mágicamente Magically
33%
Miserablemente Miserably
33%
Moralmente Morally
33%
Más y más More and more
33%
Por añadidura (also on top of that, in addition, furthermore, what's more) Moreover
33%
La mayoría de las veces Most of the time
33%
Mucho (also a lot, lots of, very much, hard, widely, badly) Much
33%
No más/Nada más (also nothing more, nothing else) No more
33%
Ni siquiera (also don't even) Not even
33%
Todavía no/Aún no Not yet
33%
Ahora o nunca Now or never
33%
En ocasiones/En alguna ocasión On occasion
33%
En ruta On route
33%
En la carretera/En la ruta/Durante el viaje/En el camino (also on the way, along the way) On the road
33%
De camino/En camino/En el camino On the way
33%
En esto On this
33%
A tiempo/A la hora On time
33%
Fuera de control Out of control
33%
Proactivamente Proactively
33%
Cuantificablemente Quantifiably
33%
Racialmente Racially
33%
Paso a paso/Paso por paso/Etapa por etapa/De manera escalonada/Por etapas (also in stages) Step by step
33%
Esta tarde This afternoon
33%
Esta mañana/Hoy por la mañana This morning
33%
De este modo/De esta manera/Por aquí This way
33%
Vigorosamente Vigorously
33%
Vocalmente Vocally
33%
Sin pensar/Sin pensarlo Without thinking
33%
Aborreciblemente Abhorrently
0%
Ya era hora/Sobre el tiempo/Sobre la hora About time
0%
Académicamente Academically
0%
Adecuadamente Adequately
0%
Administrativamente Administratively
0%
A la deriva Adrift
0%
Estéticamente Aesthetically
0%
Unas pocas veces/Algunas veces/Un par de veces/Unas cuantas veces A few times
0%
Al anochecer (also in the evening, at nightfall) After dark
0%
Antes de tiempo/Con tiempo (also with time) Ahead of time
0%
Todo el trayecto All along
0%
Todo a la vez/Todo de una vez/Todos de una vez/Todo junto All at once
0%
Todo el día/Durante todo el día All day
0%
A por todas/Con todo (also yet, even so, for all that) All out
0%
De acá para allá (also to and fro, back and forth)/En todos los sitios/De un sitio a otro/De aquí para allá (also to and fro) All over the place
0%
Todo el camino All the way
0%
Casi nunca Almost never
0%
A lo largo del camino Along the way
0%
Alternativamente/Como alternativa/De forma alternativa/De manera alternativa Alternatively
0%
Ambiguamente Ambiguously
0%
Divertidamente/Graciosamente Amusingly
0%
Molestamente Annoyingly
0%
Anónimamente Anonymously
0%
De todas formas Anyhow
0%
Arbitrariamente Arbitrarily
0%
De niño(a)/De pequeño(a) (also when I was little) As a kid
0%
A un lado/Al lado/De lado (also sideways) Aside
0%
Como está/Tal como está/Así como está/Tal cual/Tal como está la cosa As it is
0%
Tal como es ahora As it is now
0%
Como era/Como fue As it was
0%
Como se solicita/Conforme a lo solicitado/Tal como se solicitó/Tal y como se solicitó As requested
0%
Con el paso del tiempo/A medida que pasa el tiempo As time goes by
0%
Asombrosamente (also amazingly) Astonishingly
0%
Astronómicamente Astronomically
0%
Como de costumbre/Como es habitual/Con normalidad As usual
0%
A distancia (also from a distance) At a distance
0%
En una fecha posterior At a later date
0%
A toda costa/A cualquier costo (also at any cost) At all costs
0%
En todos los ámbitos (also in all directions) At all levels
0%
A todas horas (also round the clock) At all times
0%
A cualquier precio At any price
0%
A raya At bay
0%
En el mejor de los casos/En el mejor caso At best
0%
A gusto/A sus anchas At ease
0%
En casa/A casa (also home, back home)/En el hogar At home
0%
Por fin/Al fin At last
0%
A lo más/A lo sumo/Como máximo/Como mucho At most
0%
En ningún punto At no point
0%
En ningún momento/En la vida (also in life) At no time
0%
En seguida (also in no time, straightaway) At once
0%
En la actualidad (also currently, at this time, nowadays, these days) At present
0%
En la escuela/En el colegio At school
0%
Al amanecer/A la salida del sol/Al salir el sol At sunrise
0%
Al atardecer At sunset
0%
En ese tiempo/En ese momento/En aquella época/Por aquel entonces/En esa fecha/En aquel momento/En esa época (also in those days) At that time
0%
En el momento/Por entonces At the time
0%
Como poco/Cuando menos At the very least
0%
En esta fase At this stage
0%
De vez en vez At times
0%
En el trabajo At work
0%
En el peor de los casos/En el peor caso/A lo peor At worst
0%
De forma autónoma/De manera autónoma Autonomously
0%
De un lado para otro (also on the go)/Adelante y atrás/Hacia atrás y hacia delante/De un lado a otro Back and forth
0%
De vuelta a casa Back home
0%
Entre bastidores/Tras bastidores/Detrás del escenario/Detrás de escena/Entre bambalinas (also behind the scenes) Backstage
0%
En aquel momento/En aquel entonces (also in those days, at that moment)/En ese entonces (also at that time) Back then
0%
Espalda contra espalda Back to back
0%
De antemano Beforehand
0%
Antes o después Before or after
0%
Además (also additionally, moreover, also, furthermore) Besides
0%
Además de eso Besides that
0%
Más allá de eso Beyond that
0%
Audazmente (also audaciously) Boldly
0%
Por accidente/Sin intención/Sin querer By accident
0%
Por casualidad/De casualidad By any chance
0%
Por cualquier medio By any means
0%
Por defecto/Por omisión/De forma predeterminada/De manera predeterminada/De modo predeterminado/Por no presentación By default
0%
De lejos/Por mucho/Con mucho/Con diferencia By far
0%
A mano By hand
0%
Por ley By law
0%
Por error/Por equivocación/Por despiste/Debido a un error By mistake
0%
De ninguna forma (also not at all)/En absoluto (also not at all)De ningún modo (also in no way) By no means
0%
Por encargo/Por orden By order
0%
Para entonces By then
0%
Para mañana By tomorrow
0%
Descuidadamente Carelessly
0%
Con cautela/Con precaución Cautiously
0%
Clásicamente Classically
0%
En el sentido de las agujas del reloj/En sentido horario/En el sentido de las manecillas del reloj Clockwise
0%
Torpemente (also awkwardly) Clumsily
0%
Coercitivamente Coercively
0%
Coloquialmente Colloquially
0%
Cómodamente/Con comodidad Comfortably
0%
Comparativamente Comparatively
0%
Confidencialmente Confidentially
0%
Consensuadamente/Consensualmente/De forma consensuada Consensually
0%
Conservadoramente Conservatively
0%
Considerablemente Considerably
0%
En sentido contrario a las agujas del reloj Counterclockwise
0%
Día tras día/Jornada tras jornada Day after day
0%
Día a día Day by day
0%
Decididamente Decidedly
0%
Desafiantemente Defiantly
0%
Devastadoramente Devastatingly
0%
Tenuemente Dimly
0%
Repugnantemente/Asquerosamente Disgustingly
0%
Perturbadoramente Disturbingly
0%
A continuación (also below, hereunder) Down below
0%
Cuesta abajo/En declive Downhill
0%
Río abajo Downriver
0%
Aguas abajo/Con la corriente/Corriente abajo Downstream
0%
Por el camino (also up the road) Down the road
0%
Calle abajo/Al final de la calle (also at the end of the street) Down the street
0%
Durante este tiempo/En este tiempo (also meanwhile) During this time
0%
Hacia el este (also eastward)/Por el este (also to the east)/Al este East
0%
Ecológicamente Ecologically
0%
Inquietantemente Eerily
0%
Elocuentemente Eloquently
0%
Aun así (also still) Even so
0%
Cada cierto tiempo (also every so often, from time to time, once in a while) Every now and then
0%
Excesivamente Excessively
0%
Extraordinariamente Extraordinarily
0%
Extravagantemente Extravagantly
0%
Bocabajo/Boca abajo (also upside down) Face down
0%
Cara a cara/Cara con cara Face to face
0%
Cara arriba/Boca arriba/Mirando hacia arriba Face up
0%
Justamente Fairly
0%
Fielmente Faithfully
0%
Ferozmente (also ferociously) Fiercely
0%
Primero que todo/En primer término/Ante todo/Antes de todo/Antes de nada/Antes que nada/Antes que todo/En primera instancia (also in the first instance) First of all
0%
De plano (also point-blank) Flatly
0%
Durante mucho tiempo/Desde hace tiempo/Por mucho tiempo/Hace tiempo For a long time
0%
Por un momento/Un momento/Por un instante/Durante unos instantes/Un minuto For a moment
0%
Por poco tiempo/Durante poco tiempo For a short time
0%
Por un tiempo/Un ratito For a while
0%
Por ejemplo (also for instance) For example
0%
Sin costo/Sin coste/De forma gratuita/De manera gratuita For free
0%
Para ello For it
0%
Formalmente/Con formalidad/De etiqueta/De manera oficial Formally
0%
Para nada/Por nada For nothing
0%
Por ahora For now
0%
Por una vez For once
0%
Por algún tiempo/Durante algún tiempo/Desde hace tiempo/Algún tiempo/Durante un tiempo/Durante cierto tiempo For some time
0%
Con seguridad/Seguro (also safe, insurance) For sure
0%
Sin cargo/Libre de cargo Free of charge
0%
Frívolamente Frivolously
0%
Desde lejos From afar
0%
Desde ya (also from now on) From now
0%
A partir de ahora/De ahora en adelante/Desde ahora (also as of now)/Desde este momento From now on
0%
Desde cero (also from the ground up)/De cero (also anew, from the ground up) From scratch
0%
De ahí en adelante/A partir de ese momento (also from that moment on) From then on
0%
De allí From there
0%
De tanto en tanto/De vez en cuando (also now and then, every now and then) From time to time
0%
Funcionalmente Functionally
0%
Aún más/Más allá (also beyond) Further
0%
Genuinamente Genuinely
0%
Geográficamente Geographically
0%
Huelga decir que/Ni que decir tiene (also needless to say) Goes without saying
0%
Groseramente Grossly
0%
Grotescamente Grotesquely
0%
A medio camino/A mitad de camino (also halfway through)/Por la mitad/A medias Halfway
0%
De frente (also straight ahead) Head-on
0%
De ahí que/De ahí (also from there) Hence
0%
En adelante/De aquí en adelante/En lo sucesivo (also hereunder) Hereafter
0%
Aquí y allá/Aquí y allí/Para allá y para acá Here and there
0%
Aquí abajo/Aquí debajo/Acá abajo/Acá debajo Here below
0%
A partir de aquí (also henceforth) Hereon
0%
Heroicamente Heroically
0%
Hacia casa/De regreso Homeward
0%
Por hora/Cada hora/De forma horaria Hourly
0%
Cuánto/Cuánta (also how many) How much
0%
Humanamente Humanely
0%
Hipotéticamente Hypothetically
0%
Si procede (also where appropriate) If applicable
0%
Si es necesario/Si fuera necesario/Si fuese necesario/De ser necesario/Si es preciso/Si fuera preciso/De ser preciso/Si fuera menester If necessary
0%
Si hace falta If need be
0%
En caso de necesidad/En caso necesario (also if required) If needed
0%
Si se requiere If required
0%
Si es así/De ser así (also if yes) If so
0%
Si ese es el caso/Si esto es así (also if this is so) If this is the case
0%
En caso afirmativo/Si es que sí/De ser así/Si la respuesta es sí If yes
0%
Inmaculadamente Immaculately
0%
Inconmensurablemente/Inmensurablemente Immeasurably
0%
Implícitamente Implicitly
0%
Imposiblemente Impossibly
0%
Impulsivamente Impulsively
0%
Inexactamente Inaccurately
0%
Por adelantado/De anticipación/Por anticipado/Con antelación/Con anticipación (also ahead of time) In advance
0%
En todas direcciones/En todas las direcciones In all directions
0%
En un instante In an instant
0%
En cualquier caso In any case
0%
De forma alguna/De cualquier manera/De cualquier modo/En ninguna forma/De manera alguna/En manera alguna/En modo alguno In any way
0%
En fila/En hilera In a row
0%
En cierto modo/En cierta manera/De una manera In a way
0%
De mal gusto In bad taste
0%
Entremedio/En medio (also in the way) In between
0%
En efectivo/Con efectivo (also with cash) In cash
0%
Inconspicuamente Inconspicuously
0%
En contraste/En contraposición In contrast
0%
Al contrario que In contrast to
0%
En deuda In debt
0%
Indefinidamente Indefinitely
0%
En profundidad/Detenidamente (also in detail) In depth
0%
En detalle/Con detalle/Al detalle/Con todo detalle/En concreto (also specifically, in particular) In detail
0%
Indiscutiblemente Indisputably
0%
A su debido tiempo/En su debido momento In due time
0%
En esencia In essence
0%
En todos los sentidos In every respect
0%
De cabo a rabo/De principio a fin (also throughout, all though, from start to finish) In full
0%
Dentro de plazo/A su tiempo/En el tiempo previsto/Con suficiente tiempo In good time
0%
Inherentemente/Intrínsicamente Inherently
0%
Inhumanamente Inhumanely
0%
En cola In line
0%
En ningún caso/En caso alguno In no case
0%
En un tiempo mínimo/En nada de tiempo/Dentro de nada/En un santiamén/En segundos/En cuestión de segundos In no time
0%
De ninguna manera (also whatsoever)/De ningún modo (also by no means)/De modo alguno/En modo alguno (also by any means) In no way
0%
En ejercicio/En el poder/En funciones/En el puesto In office
0%
En parejas/En pares/Por parejas/Por pares/De a dos In pairs
0%
De pasada/De paso (also by the way) In passing
0%
En persona In person
0%
Al revés/Del revés/Al dedillo/De pe a pa/A la perfección (also seamlessly) Inside out
0%
En algunos aspectos In some aspects
0%
Instintivamente Instinctively
0%
De tal forma/De tal modo/De tal manera (also in this way) In such a way
0%
En suma/En síntesis (also in short) In sum
0%
En resumen In summary
0%
Intermitentemente Intermittently
0%
En el ínterin In the interim
0%
Entretanto/Entre tanto In the meantime
0%
De la misma manera/De la misma forma/De igual manera/De igual forma/De igual modo In the same way
0%
En medio/En el medio (also in the middle, in between) In the way
0%
En este caso/En tal caso In this case
0%
De (esta) forma/De (este) modo In this way
0%
En su momento/A la larga (also eventually)/Con la suficiente antelación/Con la suficiente anticipación In time
0%
A remolque/A la zaga In tow
0%
Intrincadamente Intricately
0%
Metido en un lío/En líos/En problemas/En dificultades In trouble
0%
A su vez In turn
0%
Justo como/Justo en el momento en que/De la misma manera que Just as
0%
Tanto como (also as well as) Just as much
0%
Justificadamente Justifiably
0%
El año pasado/El año precedente Last year
0%
Cada vez menos Less and less
0%
Liberalmente Liberally
0%
Asimismo/Del mismo modo Likewise
0%
Lingüísticamente Linguistically
0%
A largo plazo Long term
0%
Lealmente Loyally
0%
Matemáticamente Mathematically
0%
Metafóricamente Metaphorically
0%
Meticulosamente Meticulously
0%
En la mitad (also in the middle) Midway
0%
Momentáneamente Momentarily
0%
Monónimamente Mononymously
0%
Monstruosamente Monstrously
0%
Más que nunca More than ever
0%
Nativamente Natively
0%
Nunca más (also never more) Never again
0%
Prácticamente nada/A precio de saldo/Nada (also at all, any, anything, nothing, none) Next to nothing
0%
Cada noche (also each night)/Todas las noches Nightly
0%
Noblemente Nobly
0%
No menos de/No menos que No less than
0%
No importa cómo/No importa cuán/Sin importar cómo/Como sea No matter how
0%
Sí o sí (also whether they like it or not)/No importa lo que No matter what
0%
No más de/No más que No more than
0%
Hacia el norte (also northward)/Por el norte (also to the north)/Al norte North
0%
Ni un poco (also not even a little) Not a bit
0%
No exactamente (also not quite) Not exactly
0%
Nada menos que Nothing less than
0%
Nada más que Nothing more than
0%
Ni lo más mínimo (also not in the slightest) Not in the least
0%
No precisamente/No del todo Not quite
0%
La verdad es que no/No realmente/En realidad no Not really
0%
Hoy en día/Hoy día Nowadays
0%
En promedio/De promedio/De media/Por término medio On average
0%
Una vez cada tanto/Cada tanto/De cuando en cuando/Alguna que otra vez Once in a while
0%
Una vez más (also once again, one more time) Once more
0%
Por demanda On demand
0%
Uno(a) tras otro(a) One after another
0%
De uno en uno One at a time
0%
Uno por uno/Uno a uno/De a uno One by one
0%
Un día/Cierto día One day
0%
En un lado/Por un lado/Por una cara/En una cara/Por una parte/En un bando On one side
0%
A propósito (also by the way)/Adrede On purpose
0%
A petición/A pedido/Bajo petición/Previa petición/Previa solicitud/Bajo solicitud On request
0%
A la venta/En venta/En oferta (also for sale) On sale
0%
En la espalda/En la parte posterior/En el reverso/En la parte trasera On the back
0%
A un paso/A punto/A las puertas/En la cornisa/En el umbral/En el límite/Al filo On the brink
0%
Por el contrario (also on the other hand, by contrast) On the contrary
0%
Al límite/En el borde (also borderline, on the brink) On the edge
0%
Sobre la marcha (also along the way) On the go
0%
En movimiento/En marcha (also in progress) On the move
0%
Por otra parte (also moreover) On the other hand
0%
De otra lado/Al otro lado/Del otro lado/Por otro lado (also on the other hand) On the other side
0%
A la fuga On the run
0%
En esta ocasión/En esa ocasión/Por esta vez On this occasion
0%
De vacaciones/En (las) vacaciones/De viaje/Por vacaciones/Durante las vacaciones On vacation
0%
Por tu cuenta/Por tu propia cuenta/Por vuestra cuenta/Por cuenta propia On your own
0%
Ópticamente Optically
0%
Óptimamente/De manera óptima/De forma óptima Optimally
0%
Orgánicamente Organically
0%
Originalmente Originally
0%
Fuera de contexto Out of context
0%
Sin pensarlo dos veces Out of hand
0%
De la nada (also out of the blue, from scratch) Out of nowhere
0%
Fuera de lugar Out of place
0%
Fuera de la ciudad Out of town
0%
A lo largo del tiempo Over time
0%
Pasivamente Passively
0%
Periódicamente Periodically
0%
Filosóficamente Philosophically
0%
A bocajarro/A quemarropa/En redondo (also in the round) Point-blank
0%
Políticamente Politically
0%
Póstumamente Posthumously
0%
Precariamente Precariously
0%
Predominantemente Predominately
0%
Prontamente Promptly
0%
Proporcionalmente/Proporcionadamente Proportionately
0%
Psicológicamente Psychologically
0%
Psicóticamente Psychotically
0%
Más bien/En lugar (also instead of) Rather
0%
Repetidamente Repeatedly
0%
Enseguida (also shortly, straight away) Right away
0%
Toscamente (also crudely, coarsely) Roughly
0%
Rara vez (also rarely)/Pocas veces (also few times)/Raras veces Seldom
0%
Selectivamente Selectively
0%
Varias veces Several times
0%
A corto plazo Short term
0%
Uno al lado del otro/Uno junto al otro/Codo con codo Side by side
0%
Hacia los lados/Hacia un lado/De lado (also aside) Sideways
0%
Solemnemente Solemnly
0%
A solas (also on my own, on your own, by yourself) Solo
0%
De algún modo (also in a way, in any way, someway)/De alguna forma (also in a way) Somehow
0%
En otro momento (also at another time)/En otra ocasión Some other time
0%
Hace algún tiempo/Hace un tiempo Some time ago
0%
Un tanto Somewhat
0%
En otro lugar/En otra parte/En otro sitio/En otro lado (also elsewhere) Somewhere else
0%
Tanto es así So much so
0%
Tarde o temprano Sooner or later
0%
Hacia el sur (also southward)/Por el sur (also to the south)/Al sur South
0%
En línea recta hacia adelante/En línea recta/Todo recto/Al frente (also in front) Straight ahead
0%
Ahorita (also right now) Straight away
0%
Inconscientemente/Subconscientemente Subconsciously
0%
Sustancialmente Substantially
0%
Sucintamente Succinctly
0%
Tales como/Tal como Such as
0%
Supremamente Supremely
0%
Quirúrgicamente Surgically
0%
Simbólicamente Symbolically
0%
Tecnológicamente Technologically
0%
Tenazmente Tenaciously
0%
Es decir/O sea/O sea que (also in other words) That is to say
0%
A partir de entonces Thereafter
0%
Por ende/Sólo así (also only in this way) Thereby
0%
Del mismo/De eso/De lo mismo/De esto (also hereof) Thereof
0%
Acto seguido Thereupon
0%
En estos días These days
0%
Pasado de largo/A través (also across)/Del todo (also completely, in full, entirely)/Hasta el final Through
0%
De pies a cabeza/De la cabeza a los pies (also from head to toe) Through and through
0%
Para empezar/Para comenzar To start
0%
Triunfantemente Triumphantly
0%
Sin ambigüedad Unambiguously
0%
Sin disculpas Unapologetically
0%
Insoportablemente (also excruciatingly) Unbearably
0%
Incómodamente/Con incomodidad Uncomfortably
0%
Bajo control Under control
0%
Bajo ninguna circunstancia/Bajo ningún concepto Under no circumstances
0%
Injustificadamente Unjustifiably
0%
Innecesariamente Unnecessarily
0%
Desagradablemente Unpleasantly
0%
Indiscutiblemente/Incuestionablemente Unquestionably
0%
No es de extrañar (also no wonder) Unsurprisingly
0%
Hasta el fin/Hasta el final (also in full, to the end) Until the end
0%
Cuesta arriba/En subida Uphill
0%
Al finalizar/Al terminar (also on completion) Upon completion
0%
Río arriba Upriver
0%
Aguas arriba/Corriente arriba Upstream
0%
Calle arriba Up the street
0%
Hasta cierto punto Up to a point
0%
A día de hoy (also at the present time) Up until now
0%
Muy pronto (also in no time, too soon) Very soon
0%
Virtualmente Virtually
0%
Visceralmente Viscerally
0%
Hacia el oeste (also westward)/Por el oeste (also to the west)/Al oeste West
0%
Pase lo que pase (also come what may) Whatever happens
0%
Lo que es más/Es más What is more
0%
De ningún modo/De ninguna manera Whatsoever
0%
Cuando proceda/Cuando sea aplicable/Cuando corresponda (also where applicable) When applicable
0%
Cuando sea apropiado (also where appropriate) When appropriate
0%
Cuando sea necesario (also where necessary, as required) When necessary
0%
Llegado el caso/Donde corresponda/Siempre que sea pertinente/Donde proceda Where applicable
0%
Por donde/A través de la cual/Mediante la(el) cual/A través de los cuales/Conforme al cual/Por la(el) cual/En los(las) cuales/En la(el) cual/A través del cual/Con lo cual Whereby
0%
Donde sea necesario/Donde fuera necesario/Siempre que fuera necesario/Siempre que sea necesario/Donde sea preciso Where necessary
0%
Consigo (also with you) With him
0%
Sin duda alguna/Sin ninguna duda/Sin lugar a dudas/Sin duda Without a doubt
0%
Sin demora/Sin dilación/Sin tardanza (also forthwith) Without delay
0%
Sin más Without further
0%
Sin más preámbulos/Sin más demora/Sin más dilación Without further ado
0%
Teniendo eso presente/Así las cosas With that in mind
0%
Teniendo esto en cuenta With this in mind
0%
Con el tiempo With time
0%
Atentamente (also sincerely)/Muy atentamente (also kind regards)Le saluda atentamente Yours truly
0%
No matching quizzes found
Score Distribution
Percent of People with Each Score
Percentile by Number Answered
Your Score History
You have not taken this quiz since the last reset